1074 1041 1742 1946 1759 1002 1919 1322 1443 1843 1332 1038 1327 1431 1296 1903 1071 1494 1588 1054 1445 1972 1609 1259 1486 1387 1604 1770 1701 1124 1647 1367 1971 1531 1301 1906 1643 1108 1171 1304 1469 1474 1118 1004 1444 1816 1155 1809 1044 1686 1926 1091 1468 1821 1568 1295 1818 1110 1013 1755 1243 1549 1754 1526 1697 1143 1803 1190 1435 1909 1136 1039 1974 1890 1263 1445 1215 1906 1351 1767 1642 1671 1145 1715 1873 1583 1828 1963 1772 1789 1497 1542 1227 1681 1879 1626 1358 1966 1157 BCNSPRNW ULIB Ver.6.0+V

เปลี่ยนเป็นภาษาไทย

Change to English
 แสดงรายละเอียดบรรณานุกรม
  กลับหน้าหลัก

Brief Record : Get Marc (ISO 2709) : E-mail record : QR code < ปิดหน้าต่าง
LEADER : 00000nam 2200000uu 4500
001    13399115205
003     ULIB
008    120730s2549||||th 000 0 tha d
020    ^a9742762597
020    ^a9789742762599
050  4 ^aQH581.2^bล239ช
100 0  ^aลัดดา เอกสมทราเมษฐ์
245 10 ^aชีววิทยาของเซลล์ =^bCell biology /^cลัดดา เอกสมทราเมษฐ์
246 31 ^aCell biology
250    ^aพิมพ์ครั้งที่ 2
260    ^aกรุงเทพฯ :^bโอเดียนสโตร์,^c2549
300    ^a255 หน้า :^bภาพประกอบ ;^c24 ซม.
650  4 ^aเซลล์
650  4 ^aชีววิทยา
945    ^p195^l0^i032152
995    ^aเกษร
999    ^aใช้งานได้ทุกระบบ
รายการนี้ยังไม่มีแท็ก
คุณยังไม่ได้ล็อกอิน คุณสามารถมีกิจกรรมร่วมกับเว็บไซต์ได้ แต่ต้องล็อกอินก่อน ::
  ล็อกอิน

รายการสื่อสารสนเทศ

ลำดับที่ ประเภท เลขเรียก/บาร์โค้ด สถานที่ สถานะ
- ไม่พบข้อมูล -

รายการใกล้เคียง
    ผู้แต่ง [ลัดดา เอกสมทราเมษฐ์]

    หัวเรื่อง [เซลล์]
    หัวเรื่อง [ชีววิทยา]

BibComment


ยังไม่เคยถูกคอมเมนท์

คอมเมนท์ทรัพยากรรายการนี้
  คอมเมนท์: ชีววิทยาของเซลล์..


 Copyright 2026. Bcnsprnw @Library